| 000 | 00541nam a2200181 a 4500 | ||
|---|---|---|---|
| 001 | 000015609 | ||
| 005 | 20240530073918.0 | ||
| 008 | 100215s1959 dr 001 f spa d | ||
| 040 |
_aDO-SdBNP _bspa _cBNPHU |
||
| 082 |
_aRD863.44 _bL579i |
||
| 100 | 1 |
_aLeón Marte, Pedro de _935189 |
|
| 245 | 1 | 0 |
_aIncreible contacto / _cPedro de León Marte. |
| 260 |
_aCiudad Trujillo, República Dominicana : _bAtenas, _c1959. |
||
| 300 |
_a43 p. ; _c21 cm. |
||
| 650 | 0 |
_aNovela dominicana _9223 |
|
| 650 | 0 |
_aLiteratura dominicana. _967 |
|
| 049 | _aBNPD | ||
| 999 |
_c15164 _d15164 |
||